Việt Nam phong tục

Quyển sách là công trình nghiên cứu công phu của học giả Phan Kế Bính viết về những phong tục tập quán của người Việt cũng như nền văn minh nước nhà. Sách đề cập khá đầy đủ về phong tục trong gia tộc, thôn xóm, xã hội, nhờ đó độc giả...

全面介绍

Đã lưu trong:
书目详细资料
主要作者: Phan Kế Bính
格式: 图书
语言:Vietnamese
出版: H. Văn học 2016
版:Tái bản lần 2
主题:
标签: 添加标签
没有标签, 成为第一个标记此记录!
Thư viện lưu trữ: Thư viện Trường Đại học Nam Cần Thơ
LEADER 01265nam a22002057a 4500
001 NCT_69722
008 190914b xxu||||| |||| 00| 0 vie d
999 |c 3383  |d 3383 
020 |a 9786046916543  |c 68000 
082 0 4 |2 23rd ed.  |a 390.09517  |b B312 
100 1 |a Phan Kế Bính 
245 1 0 |a Việt Nam phong tục  |c Phan Kế Bính 
250 |a Tái bản lần 2 
260 |a H.  |b Văn học  |c 2016 
300 |a 367 tr.  |c 21cm 
520 3 |a Quyển sách là công trình nghiên cứu công phu của học giả Phan Kế Bính viết về những phong tục tập quán của người Việt cũng như nền văn minh nước nhà. Sách đề cập khá đầy đủ về phong tục trong gia tộc, thôn xóm, xã hội, nhờ đó độc giả phần nào có thể thấy được sự xáo trộn của đất nước khi tiếp xúc với văn minh phương Tây thời bấy giờ. 
653 |a Sách tham khảo 
942 |2 ddc  |c BK 
952 |0 0  |1 0  |2 ddc  |4 0  |6 390_095170000000000_B312  |7 0  |9 17896  |a 000001  |b 000001  |d 2019-09-14  |o 390.09517 B312  |p TK.00905  |r 2019-09-14  |v 68000.00  |w 2019-09-14  |y BK 
980 |a Thư viện Trường Đại học Nam Cần Thơ